|
|
|
|
| LEADER |
00000nam0a2200000 4500 |
| 001 |
162891 |
| 005 |
20231101222345.0 |
| 010 |
|
|
|a 9785769551277
|b (в пер.)
|b 5100 экз.
|z 978-5-7695-5127-7
|
| 035 |
|
|
|a (RuTPU)RU\TPU\book\176679
|
| 035 |
|
|
|a RU\TPU\book\124826
|
| 035 |
|
|
|a RU\TPU\book\135888
|
| 090 |
|
|
|a 162891
|
| 100 |
|
|
|a 20071119d2008 m y0rusy5002 ca
|
| 101 |
0 |
|
|a rus
|
| 102 |
|
|
|a RU
|
| 105 |
|
|
|a a j 001zy
|
| 200 |
1 |
|
|a Гидравлика, гидромашины и гидропневмопривод
|e учебное пособие для вузов
|f Т. В. Артемьева [и др.]
|g под ред. С. П. Стесина
|
| 205 |
|
|
|a 4-е изд., стер.
|
| 210 |
|
|
|a Москва
|c Academia
|d 2008
|
| 215 |
|
|
|a 335 с.
|c ил.
|
| 225 |
1 |
|
|a Высшее профессиональное образование. Транспорт
|
| 320 |
|
|
|a Библиогр.: с. 332.
|
| 330 |
|
|
|a Изложены основы механики жидкости и газа, приведены примеры, использования ее основных законов в практических расчетах. Представлены основные сведения о гидравлических машинах, гидродинамических передачах, объемном гидравлическом и пневматическом приводах, применяемых в автомобильном транспорте и других самоходных транспортных средствах. Для студентов вузов. Может быть полезно специалистам.
|
| 451 |
|
1 |
|0 (RuTPU)RU\TPU\book\135888
|y 978-5-7695-3922-0 ((в пер.))
|t Гидравлика, гидромашины и гидропневмопривод
|o учебное пособие для вузов
|f Т. В. Артемьева [и др.]
|g под ред. С. П. Стесина
|e 3-е изд., стер.
|c М.
|n Academia
|d 2007
|p 335 с.
|s Высшее профессиональное образование. Транспорт
|
| 606 |
1 |
|
|a Гидравлика
|2 stltpush
|3 (RuTPU)RU\TPU\subj\6462
|9 34344
|
| 606 |
1 |
|
|a Гидромашины
|2 stltpush
|3 (RuTPU)RU\TPU\subj\6733
|9 34542
|
| 606 |
1 |
|
|a Гидравлические приводы
|2 stltpush
|3 (RuTPU)RU\TPU\subj\6501
|9 34377
|
| 610 |
1 |
|
|a гидравлические машины
|
| 610 |
1 |
|
|a гидроприводы
|
| 610 |
1 |
|
|a пневматические приводы
|
| 610 |
1 |
|
|a жидкость
|
| 610 |
1 |
|
|a свойства
|
| 610 |
1 |
|
|a капельная жидкость
|
| 610 |
1 |
|
|a равновесие
|
| 610 |
1 |
|
|a режимы движения
|
| 610 |
1 |
|
|a технические трубы
|
| 610 |
1 |
|
|a гидравлическое трение
|
| 610 |
1 |
|
|a гидравлические сопротивления
|
| 610 |
1 |
|
|a истечение
|
| 610 |
1 |
|
|a струи
|
| 610 |
1 |
|
|a лопастные машины
|
| 610 |
1 |
|
|a гидродинамические передачи
|
| 610 |
1 |
|
|a объемные гидромашины
|
| 610 |
1 |
|
|a гидроаппаратура
|
| 610 |
1 |
|
|a объемные гидроприводы
|
| 610 |
1 |
|
|a учебные пособия
|
| 675 |
|
|
|a 532(075.8)
|v 3
|z rus
|
| 675 |
|
|
|a 621.22(075.8)
|v 3
|z rus
|
| 675 |
|
|
|a 62-82(075.8)
|v 3
|z rus
|
| 701 |
|
1 |
|a Артемьева
|b Т. В.
|g Татьяна Валентиновна
|
| 701 |
|
1 |
|a Лысенко
|b Т. М.
|g Татьяна Михайловна
|
| 701 |
|
1 |
|a Румянцева
|b А. Н.
|g Альбина Николаевна
|
| 701 |
|
1 |
|a Стесин
|b С. П.
|g Савелий Павлович
|
| 702 |
|
1 |
|a Стесин
|b С. П.
|g Савелий Павлович
|4 340
|
| 801 |
|
1 |
|a RU
|b 63413507
|c 20090629
|g PSBO
|
| 801 |
|
2 |
|a RU
|b 63413507
|c 20150518
|g RCR
|
| 900 |
|
|
|a Гидравлика и гидравлические машины
|
| 900 |
|
|
|a Гидравлика и гидропневмопривод
|
| 900 |
|
|
|a Гидравлика и гидропривод
|
| 900 |
|
|
|a Гидравлика, гидро- и пневмопривод
|
| 900 |
|
|
|a Гидравлические и пневматические системы
|
| 900 |
|
|
|a Гидромашины и компрессоры
|
| 942 |
|
|
|c BK
|
| 951 |
|
|
|b 190500
|b 190600
|
| 959 |
|
|
|a 79/20090629
|d 2
|e 430,00
|f ЧЗТЛ:1
|f АНЛ:1
|
| 959 |
|
|
|a 88/20090901
|d 30
|e 281,60
|f УФ:30
|